00437nam a2200097Ia 4500008004100000100002400041245013500065260005800200650002000258856006100278160909s9999 xx 000 0 und d aMassey, Sara Miller 4aThe effects of auditory-motor mapping training on speech output of nonverbal elementary age students with autism spectrum disorder bThe University of North Carolina at Greensboro.c2016 aMULTIMEDIA ARTS uhttp://pqdtopen.proquest.com/doc/1795567940.html?FMT=ABS